[Event "Elit(Manhem-Skara)"]
[Site "?"]
[Date "2009.01.17"]
[Round "6"]
[White "Nyman, Johan"]
[Black "Moberg, Karl Johan"]
[Result "0-1"]
[WhiteElo "2019"]
[BlackElo "2292"]
[PlyCount "36"]

1. e4 e5 2. Nf3 Nc6 3. Bb5 a6 4. Ba4 Nf6 5. Bxc6 dxc6 6. d3 Nd7 7. b3 Bb4+ 8.
c3 Bd6 9. O-O O-O 10. d4 exd4 11. cxd4 c5 12. e5 Be7 13. d5 b5 14. Qd3 Nb6 15.
Rd1 Bb7 16. d6 cxd6 17. exd6 Bf6 18. Nc3 b4 0-1

[Event "Elit(Manhem-Skara)"]
[Site "?"]
[Date "2009.01.17"]
[Round "6"]
[White "Fendrich, David"]
[Black "Jacobsson, Erik"]
[Result "1-0"]
[WhiteElo "2276"]
[BlackElo "2110"]
[PlyCount "67"]

1. c4 g6 2. g3 Bg7 3. Bg2 d6 4. Nc3 Nf6 5. d3 O-O 6. Rb1 a5 7. e4 Nc6 8. Nge2
e5 9. O-O Nh5 10. Nd5 Nd4 11. h3 c6 12. Ne3 Ne6 13. Nc3 Qe8 14. Kh2 f5 15. exf5
gxf5 16. Bf3 Nf6 17. Nxf5 Qd7 18. g4 h5 19. Ne4 hxg4 20. Bxg4 Nxg4+ 21. Qxg4
Nd4 22. Nxd4 Qxg4 23. hxg4 exd4 24. Kg3 Bd7 25. Bd2 c5 26. f4 b6 27. Nxd6 Rad8
28. Ne4 Bc6 29. Rbe1 Rde8 30. f5 a4 31. g5 Be5+ 32. Kh4 Kg7 33. g6 Bd7 34. Kg5
1-0

[Event "Elit(Manhem-Skara)"]
[Site "?"]
[Date "2009.01.17"]
[Round "6"]
[White "Nyman, Viktor"]
[Black "Liljedahl, Lennart"]
[Result "0-1"]
[WhiteElo "1984"]
[BlackElo "2232"]
[PlyCount "64"]

1. Nf3 d5 2. c4 d4 3. e3 c5 4. exd4 cxd4 5. g3 Nc6 6. Bg2 Nf6 7. O-O g6 8. h3
Bg7 9. Re1 O-O 10. d3 h6 11. Na3 Nd7 12. Nc2 a5 13. Rb1 Nc5 14. b3 Ra7 15. Ba3
b6 16. Ng5 hxg5 17. Bxc6 Bxh3 18. Bxc5 bxc5 19. g4 Qc8 20. Bf3 Qb8 21. Qd2 Bf6
22. Na3 Kg7 23. Nb5 Ra6 24. Re4 Rh8 25. Rbe1 Rh4 26. Qe2 Bxg4 27. Rxg4 Qh2+ 28.
Kf1 Rxg4 29. Qd2 Rg1+ 30. Ke2 Re6+ 31. Be4 Qh5+ 32. f3 Rg2+ 0-1

[Event "Elit(Manhem-Skara)"]
[Site "?"]
[Date "2009.01.17"]
[Round "6"]
[White "Kinnmark, Ove"]
[Black "Kotronia, Andoria"]
[Result "1-0"]
[WhiteElo "2265"]
[BlackElo "1980"]
[PlyCount "59"]

1. e4 c5 2. Nf3 Nc6 3. Bb5 a6 4. Bxc6 dxc6 5. h3 Nf6 6. Qe2 Qc7 7. e5 Nd5 8. d3
Bf5 9. O-O e6 10. a3 b5 11. Nh4 Bg6 12. Nd2 Be7 13. Nxg6 hxg6 14. Nf3 Rd8 15.
Bd2 O-O 16. c4 Nb6 17. Ba5 Rd7 18. b4 Qb7 19. Rfc1 Na4 20. Rab1 Qa7 21. Qe4 Rc8
22. Rc2 Bd8 23. Bxd8 Rdxd8 24. Qh4 Qb8 25. Re1 Rxd3 26. Ng5 Kf8 27. Qh8+ Ke7
28. Qxg7 Rf8 29. Qf6+ Kd7 30. Nh7 1-0

[Event "Elit(Kamraterna-LASK)"]
[Site "?"]
[Date "2009.01.17"]
[Round "6"]
[White "Lund, Esben"]
[Black "Svensson, Bengt"]
[Result "1/2-1/2"]
[WhiteElo "2481"]
[BlackElo "2479"]
[PlyCount "75"]

1. d4 d5 2. c4 c6 3. Nf3 Nf6 4. e3 a6 5. Bd3 Bg4 6. Nbd2 Nbd7 7. Qc2 e6 8. b3
Bd6 9. Bb2 Qe7 10. Ne5 Bh5 11. h3 Ba3 12. g4 Bxb2 13. Qxb2 Bg6 14. Nxg6 hxg6
15. g5 Ng8 16. f4 Qd6 17. c5 Qc7 18. Nf3 Ne7 19. O-O-O b6 20. cxb6 Qxb6 21. Kb1
a5 22. Rc1 a4 23. Rc3 c5 24. bxa4 c4 25. Bc2 Qa5 26. Ka1 Rb8 27. Qa3 O-O 28.
Rb1 Rxb1+ 29. Bxb1 Rb8 30. Rc1 Nc6 31. Bc2 Nb4 32. Bd1 Nd3 33. Rb1 Rxb1+ 34.
Kxb1 Ne1 35. Nxe1 Qxe1 36. Kc2 Qf2+ 37. Kc1 Qe1 38. Kc2 1/2-1/2

[Event "Elit(Kamraterna-LASK)"]
[Site "?"]
[Date "2009.01.17"]
[Round "6"]
[White "Akbarinia, Arash"]
[Black "Grandelius, Nils"]
[Result "0-1"]
[WhiteElo "2389"]
[BlackElo "2525"]
[PlyCount "90"]
[EventDate "2009.??.??"]

1. Nf3 Nf6 2. c4 b6 3. g3 c5 4. Bg2 Bb7 5. O-O g6 6. d4 cxd4 7. Qxd4 d6 8. Qh4
h6 9. Nc3 Bg7 10. Rd1 Nbd7 11. Qh3 Rc8 12. Nd4 Bxg2 13. Qxg2 Rxc4 14. Ncb5 a6
15. b3 Rc5 16. Na3 d5 17. b4 Rc8 18. b5 axb5 19. Naxb5 O-O 20. Qh3 h5 21. f4 e6
22. Qg2 Ne4 23. h3 Rc4 24. Be3 Nc3 25. Nxc3 Rxc3 26. Rd3 Rxd3 27. exd3 Qa8 28.
Rb1 Qa4 29. Nf3 d4 30. Bc1 Rc8 31. Ne1 Bf8 32. Qd2 Ba3 33. Bxa3 Qxa3 34. Rb3
Qc1 35. Qxc1 Rxc1 36. Kf2 Ra1 37. Rb2 Nc5 38. Rxb6 Rxa2+ 39. Kf3 Rd2 40. Rb8+
Kg7 41. g4 Nxd3 42. Ng2 Nc5 43. f5 gxf5 44. gxf5 e5 45. Rb6 Rd3+ 0-1

[Event "Elit(Kamraterna-LASK)"]
[Site "?"]
[Date "2009.01.17"]
[Round "6"]
[White "Tikkanen, Hans"]
[Black "Andreasson, Ingvar"]
[Result "1-0"]
[WhiteElo "2501"]
[BlackElo "2414"]
[PlyCount "81"]

1. d4 c5 2. d5 e5 3. e4 d6 4. g3 Nf6 5. Nd2 g6 6. a4 Bg7 7. Bg2 O-O 8. Ne2 Ne8
9. O-O Nd7 10. f4 exf4 11. gxf4 Rb8 12. c3 b6 13. Ra2 Kh8 14. Nf3 a6 15. b3 b5
16. a5 f5 17. Ng5 Ndf6 18. e5 Ng4 19. h3 Nh6 20. e6 Nf6 21. Re1 Re8 22. Ng3 Bb7
23. Bf3 Rc8 24. c4 Nfg8 25. Kg2 Re7 26. h4 bxc4 27. bxc4 Rb8 28. h5 Ba8 29.
hxg6 hxg6 30. Rh1 Qc7 31. Qc2 Bd4 32. Bb2 Kg7 33. Ne2 Bxb2 34. Rxb2 Nf6 35. Qc3
Rh8 36. Rb6 Qd8 37. Rhb1 Ra7 38. R1b3 Qe7 39. Qb2 Nhg4 40. Bxg4 fxg4 41. Ng3
1-0

[Event "Elit(Kamraterna-LASK)"]
[Site "?"]
[Date "2009.01.17"]
[Round "6"]
[White "Hamark, Jesper"]
[Black "Semcesen, Daniel"]
[Result "1/2-1/2"]
[WhiteElo "2378"]
[BlackElo "2403"]
[PlyCount "91"]

1. d4 d5 2. c4 c6 3. e3 Nf6 4. Nf3 a6 5. Qc2 Bg4 6. Nbd2 e6 7. Bd3 Nbd7 8. b3
Bd6 9. Bb2 Qc7 10. c5 Be7 11. b4 Bh5 12. a4 Bg6 13. O-O O-O 14. h3 Rfe8 15. Bc3
Nf8 16. Ne5 Bxd3 17. Qxd3 N6d7 18. Nb3 Ng6 19. Nxg6 hxg6 20. Na5 Bf6 21. Rfb1
e5 22. b5 axb5 23. axb5 exd4 24. exd4 cxb5 25. Rxb5 b6 26. cxb6 Nxb6 27. Rc5
Qd7 28. Qb5 Qxb5 29. Rxb5 Rac8 30. Ra3 Re6 31. Rc5 Ra8 32. Rb3 Be7 33. Rcb5 Bd8
34. Nb7 Bc7 35. Nc5 Ra1+ 36. Rb1 Rxb1+ 37. Rxb1 Rc6 38. Ba5 f6 39. Kf1 Nc4 40.
Be1 Bb6 41. Na4 Bxd4 42. Rd1 Be5 43. Rxd5 Ra6 44. Nc5 Rd6 45. Rxd6 Bxd6 46. Nd3
1/2-1/2

[Event "Elit(Kamraterna-LASK)"]
[Site "?"]
[Date "2009.01.17"]
[Round "6"]
[White "Smith, Axel"]
[Black "Aberg, Anton"]
[Result "1/2-1/2"]
[WhiteElo "2426"]
[BlackElo "2406"]
[PlyCount "34"]

1. e4 c6 2. d4 d5 3. Nc3 dxe4 4. Nxe4 Nd7 5. Ng5 Ngf6 6. Bd3 e6 7. N1f3 Bd6 8.
Qe2 h6 9. Ne4 Nxe4 10. Qxe4 Nf6 11. Qe2 b6 12. O-O Bb7 13. b3 Qc7 14. Bb2 Nd5
15. Be4 Nf6 16. Bd3 Nd5 17. Be4 Nf6 1/2-1/2

[Event "Elit(Kamraterna-LASK)"]
[Site "?"]
[Date "2009.01.17"]
[Round "6"]
[White "Andersson, Michael"]
[Black "Dragicevic, Drazen"]
[Result "1/2-1/2"]
[WhiteElo "2198"]
[BlackElo "2386"]
[PlyCount "120"]

1. d4 Nf6 2. Nf3 g6 3. Nc3 d5 4. Bf4 Bg7 5. Qd2 Ne4 6. Nxe4 dxe4 7. Ne5 f6 8.
Nc4 b5 9. Na5 e5 10. dxe5 Qxd2+ 11. Bxd2 f5 12. e3 a6 13. c4 Bxe5 14. O-O-O c6
15. h4 Be6 16. g3 Ra7 17. Bb4 Rd7 18. Be2 h6 19. b3 Rhh7 20. Kc2 h5 21. a3 Rxd1
22. Rxd1 Rd7 23. Rxd7 Kxd7 24. Nb7 Bf7 25. Nc5+ Kc7 26. a4 Kb6 27. a5+ Kc7 28.
Bc3 Bd6 29. Bd4 Bxc5 30. Bxc5 Nd7 31. Be7 bxc4 32. bxc4 c5 33. Kb3 Be6 34. Bf1
Kc6 35. Be2 Ne5 36. Bf6 Nf7 37. Bf1 Nd6 38. Be5 Nb7 39. Bc3 Kd6 40. Be2 Nd8 41.
Bg7 Bf7 42. Bf6 Ne6 43. Kc3 Be8 44. Bd1 Bd7 45. Kb3 Nf8 46. Be2 Bc6 47. Bd1 Nd7
48. Bg7 Ke6 49. Bh8 Kf7 50. Bb2 Kg8 51. Ba1 Kh7 52. Bb2 Kh6 53. Bh8 g5 54.
hxg5+ Kxg5 55. Kc3 h4 56. gxh4+ Kxh4 57. Kd2 Kg5 58. Bg7 Kg6 59. Bb2 Kf7 60.
Bc3 Ke6 1/2-1/2

[Event "Elit(Kamraterna-LASK)"]
[Site "?"]
[Date "2009.01.17"]
[Round "6"]
[White "Nilsson, Sebastian"]
[Black "Svenn, Matti"]
[Result "1/2-1/2"]
[WhiteElo "2318"]
[BlackElo "2260"]
[PlyCount "53"]

1. e4 c6 2. d4 d5 3. Nc3 dxe4 4. Nxe4 Bf5 5. Ng3 Bg6 6. h4 h6 7. Nf3 e6 8. h5
Bh7 9. Bd3 Bxd3 10. Qxd3 Nf6 11. Bf4 Qa5+ 12. Bd2 Qa6 13. Qxa6 Nxa6 14. O-O-O
Bd6 15. Ne2 Ng4 16. Rh4 f5 17. Rf1 c5 18. Bf4 O-O-O 19. Bxd6 Rxd6 20. Ne5 Nxe5
21. dxe5 Rd7 22. Nf4 Nc7 23. Rd1 Rhd8 24. Rxd7 Rxd7 25. c3 Kd8 26. Rh3 Ke7 27.
Rg3 1/2-1/2

[Event "Elit(Kamraterna-LASK)"]
[Site "?"]
[Date "2009.01.17"]
[Round "6"]
[White "Svenn, Gosta"]
[Black "Bejtovic, Jasmin"]
[Result "0-1"]
[WhiteElo "2378"]
[BlackElo "2337"]
[PlyCount "82"]

1. c4 e5 2. Nc3 Nc6 3. g3 g6 4. Bg2 Bg7 5. d3 d6 6. e4 Nge7 7. Nge2 O-O 8. O-O
Be6 9. Nd5 Qd7 10. Bg5 f6 11. Be3 f5 12. Qd2 Rae8 13. Rac1 Nd4 14. Nxd4 exd4
15. Bg5 Nc6 16. f4 a5 17. Rfe1 b6 18. a3 a4 19. exf5 Bxf5 20. Rxe8 Rxe8 21.
Nf6+ Bxf6 22. Bxf6 Kf7 23. Bg5 Na5 24. Bd5+ Kg7 25. Qf2 Nb3 26. Rd1 c6 27. Bg2
Re3 28. Re1 Qe8 29. Be4 Rxe1+ 30. Qxe1 d5 31. g4 Bd7 32. Qh4 dxe4 33. dxe4 d3
34. Bh6+ Kf7 35. e5 Kg8 36. Qf6 Qf7 37. Qd8+ Be8 38. f5 gxf5 39. gxf5 d2 40.
Bxd2 Nxd2 41. e6 Qxf5 0-1

[Event "Elit(Upsala-Farsta)"]
[Site "?"]
[Date "2009.01.17"]
[Round "6"]
[White "Hjelm, Niclas"]
[Black "Lundvik, Jonas"]
[Result "1-0"]
[WhiteElo "2382"]
[BlackElo "2352"]
[PlyCount "65"]
[SourceDate "2009.01.23"]

1. d4 Nf6 2. Nf3 e6 3. e3 c5 4. c4 d5 5. cxd5 exd5 6. Bb5+ Bd7 7. Bxd7+ Nbxd7
8. b3 Rc8 9. O-O Be7 10. dxc5 Nxc5 11. Nc3 Nce4 12. Ne2 O-O 13. Bb2 Qa5 14. a3
b5 15. Ned4 g6 16. Ne5 Qb6 17. Qe2 Nd6 18. Rac1 Rfe8 19. Ndc6 Bf8 20. Bd4 Qb7
21. Nxa7 Ra8 22. Nac6 Rxa3 23. Nxg6 hxg6 24. Bxf6 Rxb3 25. Na5 Rbxe3 26. Qxe3
Qa8 27. Qh3 Bg7 28. Bxg7 Kxg7 29. Qc3+ Kg8 30. Qc6 Qd8 31. Nb7 Nxb7 32. Qxb7
Qg5 33. Rc8 1-0

[Event "Elit(Upsala-Farsta)"]
[Site "?"]
[Date "2009.01.17"]
[Round "6"]
[White "Johansson, Jan"]
[Black "Magnusson, Jorgen"]
[Result "1/2-1/2"]
[WhiteElo "2464"]
[BlackElo "2301"]
[PlyCount "107"]

1. e4 c5 2. Nf3 d6 3. Bb5+ Bd7 4. Bxd7+ Qxd7 5. c4 g6 6. d4 cxd4 7. Nxd4 Nf6 8.
Nc3 Bg7 9. O-O O-O 10. f3 Rc8 11. b3 d5 12. exd5 Nxd5 13. Nxd5 e6 14. Ne3 Qxd4
15. Rb1 Qxd1 16. Rxd1 Nc6 17. Nc2 Rd8 18. Bg5 f6 19. Be3 Bf8 20. Kf2 b6 21. Ke2
Kf7 22. Bd2 Rd7 23. Bc3 Rad8 24. Rxd7+ Rxd7 25. a4 Bd6 26. Rd1 Ke7 27. g3 Be5
28. Nb4 Nxb4 29. Bxb4+ Ke8 30. Rc1 Bd4 31. a5 Rc7 32. Rc2 e5 33. axb6 axb6 34.
Ra2 Kd7 35. Ra8 Rc8 36. Ra7+ Rc7 37. Ra6 f5 38. Bd2 Rc6 39. Be3 Bxe3 40. Kxe3
Kd6 41. Kd3 h5 42. b4 Kd7 43. Kc3 Rd6 44. Ra7+ Ke6 45. c5 bxc5 46. bxc5 Rd1 47.
Ra6+ Kf7 48. c6 Rc1+ 49. Kb4 e4 50. fxe4 fxe4 51. Kb5 e3 52. Ra2 Kf6 53. Re2
Rc3 54. Kb4 1/2-1/2

[Event "Elit(Upsala-Farsta)"]
[Site "?"]
[Date "2009.01.17"]
[Round "6"]
[White "Backelin, Rikard"]
[Black "Jansson, Borje"]
[Result "1-0"]
[WhiteElo "2407"]
[BlackElo "2359"]
[PlyCount "61"]

1. e4 e5 2. Bc4 Nf6 3. d3 Nc6 4. Nf3 Be7 5. O-O O-O 6. Nbd2 d6 7. a4 h6 8. Re1
Nh7 9. c3 Kh8 10. d4 f5 11. dxe5 dxe5 12. exf5 Bxf5 13. Qe2 Bg6 14. h3 Nf6 15.
Nxe5 Nxe5 16. Qxe5 Bd6 17. Qe2 Re8 18. Qf1 Qd7 19. Nf3 Rxe1 20. Qxe1 Rf8 21.
Be3 a6 22. a5 Be4 23. Nd4 Re8 24. Qd2 Nh5 25. Re1 c5 26. Nb3 Qe7 27. Bxh6 Qe5
28. f4 Nxf4 29. Bxf4 Qxf4 30. Qxf4 Bxf4 31. Nxc5 1-0

[Event "Elit(Upsala-Farsta)"]
[Site "?"]
[Date "2009.01.17"]
[Round "6"]
[White "Andersson, Fredrik"]
[Black "Jaderberg, Bjorn"]
[Result "1/2-1/2"]
[WhiteElo "2308"]
[BlackElo "2220"]
[PlyCount "55"]

1. d4 Nf6 2. Nf3 e6 3. c4 b6 4. g3 Bb7 5. Bg2 Bb4+ 6. Bd2 Qe7 7. O-O Bxd2 8.
Qxd2 O-O 9. Nc3 d6 10. d5 e5 11. e4 Bc8 12. Ne1 Nbd7 13. Nd3 Nc5 14. b4 Nxd3
15. Qxd3 a5 16. a3 Bd7 17. Nb5 Rfc8 18. Rac1 axb4 19. axb4 Ra4 20. Qb3 Bxb5 21.
cxb5 Rca8 22. Qc3 Ne8 23. Bh3 R8a7 24. Ra1 Rxa1 25. Rxa1 Rxa1+ 26. Qxa1 Qd8 27.
Qc1 h6 28. Qc4 1/2-1/2

[Event "Elit(Upsala-Farsta)"]
[Site "?"]
[Date "2009.01.17"]
[Round "6"]
[White "Ong, Kezli"]
[Black "Burwick, Malte"]
[Result "1-0"]
[WhiteElo "2320"]
[BlackElo "2304"]
[PlyCount "115"]

1. e4 g6 2. d4 Bg7 3. Nc3 d6 4. Nge2 Nf6 5. g3 O-O 6. Bg2 Nbd7 7. O-O Rb8 8. a4
c5 9. h3 b6 10. Be3 a6 11. Qd2 cxd4 12. Nxd4 Ne5 13. b3 Bb7 14. Nd5 Ned7 15. c4
Nc5 16. Qc2 Ncxe4 17. Bxe4 Nxe4 18. Qxe4 e6 19. Nxe6 fxe6 20. Qxe6+ Rf7 21. Bf4
Bxa1 22. Rxa1 Bxd5 23. Qxd5 Qf6 24. Re1 Qf5 25. Qxd6 Rbf8 26. Kg2 Rd7 27. Qxb6
h5 28. Qxa6 Rf6 29. Qc8+ Rf8 30. Qc6 h4 31. Qe6+ Qxe6 32. Rxe6 Kf7 33. Re3 hxg3
34. Bxg3 Rb7 35. c5 Rc8 36. Rc3 Rc6 37. a5 Rb5 38. Bd6 Rxa5 39. b4 Rb5 40. Rc4
Ke6 41. Kf3 Kd5 42. Rg4 Ke6 43. Ke4 Kf6 44. Rf4+ Kg7 45. Kd5 Rc8 46. Kc4 Rb7
47. Be5+ Kh6 48. b5 g5 49. Rf6+ Kh5 50. c6 Re7 51. Bd6 Re1 52. Kc5 Rh1 53. Kb6
Rxh3 54. Kb7 Rg8 55. Rf8 Rxf8 56. Bxf8 Rf3 57. Bd6 Rxf2 58. c7 1-0

[Event "Elit(Upsala-Farsta)"]
[Site "?"]
[Date "2009.01.17"]
[Round "6"]
[White "Lindberg, Henrik"]
[Black "Svensk, Ingemar"]
[Result "1/2-1/2"]
[WhiteElo "2268"]
[BlackElo "2259"]
[PlyCount "56"]

1. e4 e5 2. Nf3 Nc6 3. Nc3 Nf6 4. d4 exd4 5. Nxd4 Bb4 6. Nxc6 bxc6 7. Bd3 d5 8.
exd5 Qe7+ 9. Qe2 Nxd5 10. Bd2 Nxc3 11. bxc3 Qxe2+ 12. Kxe2 Bd6 13. Kf3 Be6 14.
c4 O-O 15. Rab1 f5 16. Bf4 c5 17. Rhe1 Rae8 18. Re3 Bf7 19. Bxd6 cxd6 20. Kf4
Rxe3 21. fxe3 Be6 22. Rb7 Rf7 23. Rb8+ Rf8 24. Rb7 Rf7 25. Rb8+ Rf8 26. Rxf8+
Kxf8 27. Bxf5 Bxc4 28. a3 g6 1/2-1/2

[Event "Elit(Upsala-Farsta)"]
[Site "?"]
[Date "2009.01.17"]
[Round "6"]
[White "Holm, Magnus"]
[Black "Svensson, Mans"]
[Result "0-1"]
[WhiteElo "2211"]
[BlackElo "2242"]
[PlyCount "76"]

1. c4 e5 2. g3 Nc6 3. Bg2 f5 4. Nc3 Nf6 5. e3 d5 6. Nxd5 Nxd5 7. cxd5 Nb4 8. d3
Nxd5 9. a3 Nf6 10. Qc2 Bd6 11. Ne2 Qe7 12. Nc3 c6 13. O-O O-O 14. Re1 Qf7 15.
b4 Be6 16. Rb1 Rac8 17. Na4 e4 18. d4 Bd5 19. Bd2 g5 20. Nc3 h6 21. Rbc1 Rc7
22. Rb1 Bc4 23. Rbc1 Be6 24. Rb1 g4 25. Ne2 Nh7 26. Nf4 Bd5 27. h4 gxh3 28.
Bxh3 Ng5 29. Bg2 Bxf4 30. exf4 Nf3+ 31. Bxf3 exf3 32. Qd1 Qh5 33. Re3 Rg7 34.
Qf1 Kh8 35. Bc3 Rfg8 36. Be1 Rxg3+ 37. fxg3 f2+ 38. Kxf2 Qh2+ 0-1

[Event "Elit(Upsala-Farsta)"]
[Site "?"]
[Date "2009.01.17"]
[Round "6"]
[White "Marttala, Thomas"]
[Black "Lindeman, Sven"]
[Result "1-0"]
[WhiteElo "2251"]
[BlackElo "2195"]
[PlyCount "55"]

1. c4 e5 2. Nc3 Nf6 3. e3 Bb4 4. Nge2 O-O 5. a3 Be7 6. Ng3 Re8 7. Be2 c6 8. d4
exd4 9. exd4 d5 10. O-O Be6 11. c5 b6 12. b4 a5 13. Bd2 Ne4 14. Ngxe4 dxe4 15.
Be3 bxc5 16. bxc5 f5 17. f3 exf3 18. Bxf3 Bf6 19. Re1 Ra7 20. Qa4 Rd7 21. Rad1
Bf7 22. Bxc6 Rxe3 23. Rxe3 Rxd4 24. Bd5 Nc6 25. Qxc6 Rxd1+ 26. Nxd1 Bd4 27.
Bxf7+ Kxf7 28. Qe6+ 1-0

[Event "Elit(Limhamn-Orgryte)"]
[Site "?"]
[Date "2009.01.17"]
[Round "6"]
[White "Ziegler, Ari"]
[Black "Brynell, Stellan"]
[Result "0-1"]
[WhiteElo "2427"]
[BlackElo "2586"]
[PlyCount "84"]

1. d4 Nf6 2. Nf3 e6 3. e3 c5 4. Bd3 d5 5. b3 Nc6 6. Bb2 Bd6 7. Ne5 O-O 8. f4
Nb4 9. Be2 Ne4 10. O-O f6 11. Nd3 cxd4 12. exd4 Qc7 13. Nxb4 Bxb4 14. c4 b6 15.
Bd3 Bb7 16. Na3 a6 17. Rc1 Bd2 18. Bxe4 Be3+ 19. Kh1 dxe4 20. Rc3 Bxf4 21. Qg4
Bd2 22. Qxe6+ Kh8 23. Rh3 Bc8 24. Qxe4 Bxh3 25. gxh3 Rae8 26. Qg4 Qe7 27. Nb1
Qe2 28. Qxe2 Rxe2 29. Nc3 Bxc3 30. Bxc3 Rfe8 31. d5 R8e3 32. Bd4 Rxh3 33. Bg1
Rd2 34. Re1 Kg8 35. Bxb6 Rdxh2+ 36. Kg1 Rh1+ 37. Kf2 R3h2+ 38. Kg3 Rxe1 39.
Kxh2 Kf7 40. c5 Rd1 41. d6 Ke6 42. Ba5 Rc1 0-1

[Event "Elit(Limhamn-Orgryte)"]
[Site "?"]
[Date "2009.01.17"]
[Round "6"]
[White "Hector, Jonny"]
[Black "Arnelind, Mikael"]
[Result "1-0"]
[WhiteElo "2614"]
[BlackElo "2293"]
[PlyCount "145"]

1. e4 e5 2. Nf3 Nc6 3. Bc4 Bc5 4. b4 Bxb4 5. c3 Ba5 6. d4 d6 7. Qb3 Qd7 8. Nbd2
Nf6 9. dxe5 Ng4 10. exd6 cxd6 11. Ba3 O-O 12. Rd1 Bb6 13. O-O Na5 14. Qb1 Qc7
15. Bd5 Bc5 16. Bb2 Qb6 17. Nd4 Bd7 18. N2b3 Ba4 19. Rd3 Ne5 20. Nxa5 Qxa5 21.
Rg3 Bd7 22. Nf5 Bxf5 23. exf5 Bxf2+ 24. Rxf2 Qxd5 25. f6 Ng6 26. h4 Qh5 27. c4
Rfe8 28. fxg7 Re6 29. Bc3 Rae8 30. Rgf3 Ne5 31. Rf4 b6 32. Qb5 Qd1+ 33. Rf1 Qd3
34. Bb2 Qe3+ 35. Kh1 Qg3 36. Bxe5 Rxe5 37. Qd7 R8e7 38. Qd8+ Kxg7 39. Qxd6 Qg6
40. Qd4 h5 41. R1f3 f6 42. Qc3 Kf7 43. c5 bxc5 44. Qb3+ R7e6 45. Ra4 a5 46.
Rxa5 Qe4 47. Ra7+ Kg6 48. Rg3+ Kh6 49. Ra4 Qe1+ 50. Kh2 Re4 51. Qb8 Qxg3+ 52.
Kxg3 Rxa4 53. Qf8+ Kg6 54. Qg8+ Kf5 55. Qh7+ Ke5 56. Qxh5+ Kd6 57. Qd1+ Rd4 58.
Qb3 Rb4 59. Qd3+ Rd4 60. Qa6+ Kd5 61. Qb7+ Kd6 62. Qb8+ Kd5 63. h5 Re3+ 64. Kf2
Re5 65. Qg8+ Ke4 66. Qg6+ Rf5+ 67. Kg3 Ke5 68. Qe8+ Kd5 69. h6 Rg5+ 70. Kh3
Rd3+ 71. Kh2 Rdg3 72. Qa8+ Ke6 73. h7 1-0

[Event "Elit(Limhamn-Orgryte)"]
[Site "?"]
[Date "2009.01.17"]
[Round "6"]
[White "Frisk Kockum, Anton"]
[Black "Schneider, Stefan"]
[Result "1-0"]
[WhiteElo "2280"]
[BlackElo "2451"]
[PlyCount "59"]

1. d4 d5 2. Nf3 Nf6 3. c4 c6 4. Nc3 a6 5. cxd5 cxd5 6. Bf4 Nc6 7. Ne5 e6 8. e3
Nxe5 9. Bxe5 Bd7 10. Bd3 Bc6 11. O-O Nd7 12. Bg3 Be7 13. Qh5 Nf6 14. Qh3 Rc8
15. Be5 g6 16. g4 O-O 17. Bxf6 Bxf6 18. f4 Qb6 19. Rf2 Bb5 20. Nxb5 axb5 21.
Raf1 b4 22. Qf3 Rce8 23. h4 Bxh4 24. Rh2 Bf6 25. Qh3 h5 26. gxh5 g5 27. Qg4 Qd8
28. Rg2 Kh8 29. fxg5 Be7 30. g6 1-0

[Event "Elit(Limhamn-Orgryte)"]
[Site "?"]
[Date "2009.01.17"]
[Round "6"]
[White "Ahlander, Bjorn"]
[Black "Virolainen, Victor"]
[Result "1-0"]
[WhiteElo "2524"]
[BlackElo "2214"]
[PlyCount "63"]

1. d4 Nf6 2. c4 c5 3. e3 g6 4. Nf3 Bg7 5. Nc3 O-O 6. Be2 d6 7. O-O Na6 8. h3
Bf5 9. b3 cxd4 10. Nxd4 Bd7 11. Bf3 Nc5 12. Bb2 Rb8 13. Qc2 a6 14. a4 a5 15.
Rad1 Qb6 16. Rfe1 Ne6 17. Nxe6 Bxe6 18. Nb5 Qc5 19. Bd4 Qg5 20. e4 Nd7 21. Be3
Qf6 22. Nd4 Ne5 23. Be2 Bd7 24. Qc1 Nc6 25. Bf1 Nb4 26. Bg5 Qe5 27. Nf3 Qe6 28.
c5 Bc6 29. Bc4 Qd7 30. cxd6 e5 31. Be7 Rfc8 32. Ng5 1-0

[Event "Elit(Limhamn-Orgryte)"]
[Site "?"]
[Date "2009.01.17"]
[Round "6"]
[White "Cankulovski, Bojko"]
[Black "Jepson, Christian"]
[Result "0-1"]
[WhiteElo "2200"]
[BlackElo "2438"]
[PlyCount "104"]

1. d4 Nf6 2. Nf3 g6 3. b3 Bg7 4. Bb2 O-O 5. Nbd2 a5 6. a3 d6 7. c4 Nbd7 8. Qc2
Re8 9. g3 e5 10. dxe5 dxe5 11. e4 b6 12. Bh3 Nc5 13. Bxc8 Rxc8 14. O-O Qd3 15.
Qxd3 Nxd3 16. Bc3 Bf8 17. Ne1 Nc5 18. f3 Rcd8 19. Kf2 Bh6 20. Ke2 Bxd2 21. Bxd2
Nxb3 22. Rd1 Nxd2 23. Rxd2 Rxd2+ 24. Kxd2 Nd7 25. Nd3 Re6 26. a4 Kf8 27. Rb1
Ke7 28. Rb5 f6 29. Kc3 Rc6 30. Rb1 Nc5 31. Nxc5 Rxc5 32. Rb2 Rc6 33. Rb1 Rd6
34. Kc2 Kd7 35. Kc3 Rd4 36. Re1 Kd6 37. Rb1 f5 38. exf5 gxf5 39. Rb5 Rd1 40. f4
exf4 41. Rxf5 fxg3 42. hxg3 Rg1 43. c5+ bxc5 44. Kc4 Rc1+ 45. Kb5 Rb1+ 46. Kxa5
c4 47. Rf6+ Kd5 48. Rf7 c6 49. Rf5+ Kd4 50. Rf6 c5 51. Rd6+ Ke5 52. Rd8 c3 0-1

[Event "Elit(Limhamn-Orgryte)"]
[Site "?"]
[Date "2009.01.17"]
[Round "6"]
[White "Penalver, Osmani"]
[Black "Eksmyr, Johan"]
[Result "0-1"]
[WhiteElo "2279"]
[BlackElo "2156"]
[PlyCount "108"]

1. d4 Nf6 2. c4 g6 3. Nc3 d5 4. Nf3 Bg7 5. Bg5 Ne4 6. cxd5 Nxg5 7. Nxg5 e6 8.
Qd2 h6 9. Nh3 exd5 10. Qe3+ Kf8 11. Nf4 c6 12. Qf3 Qf6 13. O-O-O h5 14. Nh3 Bf5
15. Rd2 Bh6 16. e3 Nd7 17. Bd3 Bxd3 18. Rxd3 Kg7 19. Qxf6+ Nxf6 20. Kd2 a5 21.
Ke2 Rhe8 22. Na4 Ne4 23. Rc1 Nd6 24. Nc5 a4 25. Kf3 g5 26. Ng1 g4+ 27. Ke2 Re7
28. Ra3 Nc4 29. Rac3 Nxb2 30. Kf1 Nc4 31. Ne2 b5 32. Ng3 Kg6 33. Nd3 Rb8 34.
Ne2 Kf5 35. Ng3+ Kf6 36. Ne2 h4 37. Nef4 Bxf4 38. Nxf4 Kf5 39. Nd3 b4 40. R3c2
b3 41. axb3 axb3 42. Re2 b2 43. Nxb2 Rxb2 44. Rxb2 Nxb2 45. Rxc6 Nc4 46. Rc5
Ra7 47. Ke2 Ra2+ 48. Ke1 Ke4 49. Rb5 g3 50. hxg3 hxg3 51. fxg3 Nxe3 52. Rb7 f5
53. g4 Rxg2 54. gxf5 Kf3 0-1

[Event "Elit(Limhamn-Orgryte)"]
[Site "?"]
[Date "2009.01.17"]
[Round "6"]
[White "Lauritzson, Peter"]
[Black "Tadjerbashi, Amir"]
[Result "1-0"]
[WhiteElo "2101"]
[BlackElo "2260"]
[PlyCount "103"]

1. Nf3 Nf6 2. g3 d5 3. c4 c6 4. Bg2 Bg4 5. Ne5 Bf5 6. cxd5 cxd5 7. Nc3 e6 8. g4
Bg6 9. h4 Bd6 10. d4 h6 11. Nxg6 fxg6 12. Qd3 Kf7 13. g5 hxg5 14. hxg5 Rxh1+
15. Bxh1 Ng8 16. Nxd5 Nc6 17. Be4 Nge7 18. Nxe7 Nxe7 19. Bd2 Qb6 20. Bc3 Rd8
21. Qf3+ Kg8 22. O-O-O Bb4 23. Kb1 Bxc3 24. Qxc3 Rc8 25. Qb3 Qxb3 26. axb3 b6
27. Rc1 Rxc1+ 28. Kxc1 Kf7 29. Kc2 Nc8 30. Kc3 Nd6 31. Bd3 a5 32. b4 axb4+ 33.
Kxb4 Ke7 34. Bxg6 Kd7 35. e3 Kc7 36. f4 Kd7 37. Bd3 Kc7 38. Kc3 Kd7 39. Kd2 Ke7
40. Ke2 Kd7 41. Kf3 Nc8 42. f5 Ne7 43. Kf4 Kd6 44. fxe6 Kxe6 45. Bc4+ Kd6 46.
e4 Ng6+ 47. Ke3 Kc6 48. e5 Ne7 49. Ke4 b5 50. d5+ Kc5 51. d6 Nc6 52. Bd5 1-0

[Event "Elit(Limhamn-Orgryte)"]
[Site "?"]
[Date "2009.01.17"]
[Round "6"]
[White "Nylen, Anders"]
[Black "Tibell, Ingemar"]
[Result "1/2-1/2"]
[WhiteElo "2244"]
[BlackElo "2003"]
[PlyCount "105"]

1. d4 Nf6 2. c4 e6 3. Nc3 Bb4 4. e3 O-O 5. Bd3 d5 6. Nge2 b6 7. cxd5 exd5 8.
O-O Bb7 9. Ng3 Re8 10. Bd2 Nbd7 11. Rc1 a6 12. Nf5 Bf8 13. Re1 g6 14. Ng3 c5
15. dxc5 bxc5 16. Qa4 Ne5 17. Bf1 Qb6 18. Qc2 Rac8 19. Na4 Qa7 20. Ba5 Ned7 21.
Red1 Bc6 22. Ne2 Ne4 23. Nac3 Ndf6 24. Nxe4 Nxe4 25. Nc3 Nf6 26. Qd2 Qb7 27. b3
Bg7 28. Rb1 Ne4 29. Nxe4 Rxe4 30. Rbc1 Bf8 31. Bc3 f5 32. Ba1 Rc7 33. Qc3 Rg7
34. Qa5 Rd7 35. Qc3 Rg7 36. g3 Re8 37. Bg2 Rd8 38. Qe5 Qe7 39. Bxd5+ Bxd5 40.
Rxd5 Qxe5 41. Rxe5 Rd2 42. Rexc5 Bxc5 43. Bxg7 Bxe3 44. fxe3 Kxg7 45. a4 Rb2
46. Rc6 a5 47. Rc5 Rxb3 48. Rxa5 Rxe3 49. Kf2 Ra3 50. h3 Kf6 51. Ra8 Kg5 52.
Ra7 h5 53. Ra6 1/2-1/2

[Event "Elit(Solna-Sollentuna)"]
[Site "?"]
[Date "2009.01.17"]
[Round "6"]
[White "Carlsson, Pontus"]
[Black "Lindberg, Bengt"]
[Result "1-0"]
[WhiteElo "2629"]
[BlackElo "2426"]
[PlyCount "53"]

1. e4 c5 2. Nf3 e6 3. d4 cxd4 4. Nxd4 Nc6 5. Nc3 Qc7 6. Be2 a6 7. O-O Nf6 8.
Kh1 Nxd4 9. Qxd4 Bc5 10. Qd3 b5 11. Bg5 Bb7 12. f4 Rc8 13. e5 Nd5 14. Nxd5 Bxd5
15. Qg3 Be4 16. Rad1 Bg6 17. Bd3 Qc6 18. f5 exf5 19. Bxf5 Bxf5 20. Rxf5 Qg6 21.
e6 O-O 22. Rxc5 Rxc5 23. exd7 Rxg5 24. Qb8 f6 25. d8=Q Rxd8 26. Qxd8+ Kf7 27.
Rd7+ 1-0